Datum a čas kvízu
24.5
Celkem bodů
Celkový počet nahraných bodů na tomto kvízu bez doplňovacích otázek.
4.
Pořadí na kvízu
Konečné umístění týmu na tomto kvízu.
Zaznamenané odpovědi
| # | Otázka | Odpověď | Body | Výsledky |
|---|---|---|---|---|
| 1. | Čeští senátoři zvolili ve stře... | 1 | ||
| 2. | Za přísných bezpečnostních opa... | 0 | ||
| 3. | Nejstreamovanější kapela roku... | 1 | ||
| 4. | Na grafu vidíme propad hodnoty... | 1 | ||
| 5. | Původně dočasný kouč a nástupc... | 1 | ||
| 5. | Jak zní křestní jméno italskéh... | 0 | ||
| 5. | Který produkt propaguje již de... | 1 | ||
| 8. | Česká snowboardistka Eva Samko... | 1 | ||
| 5. | Jak se jmenuje vítězka páté řa... | 0 | ||
| 10. | Přiřaďte jména známých osobnos... | 1 |